Дело о назначении бала с аллегри и лотереей от московского благотворительного общества в январе 1847 года

Доступно только в Электронных читальных залах Найти на картеНа карте
RUSMARC
00003745nmc2a22000003x 450
001a19f6862-f05e-470b-ba8e-e57892139203
00520181225223703.0
100##$a20170627l18461846k l0rusy0189 ca
1010#$arus
102##$aRU
2001#$aДело о назначении бала с аллегри и лотереей от московского благотворительного общества в январе 1847 года
$j10 октября - 27 декабря 1846 г.
251##$cДело
300##$aПо Московской дирекции за 1846 год
300##$aДело
801#0$aRU
$bРГИА
$c20170627
$gRCR
801#1$aRU
$bГлавНИВЦ
$c20170627
$2rusmarc
801#2$aRU
$bПБ им. Б.Н. Ельцина
$c20181225
$gRCR
$2rusmarc
850##$aРГИА
852##$aРГИА
$eФедеральное казенное учреждение "Российский государственный исторический архив" (РГИА)
$j11015
937##$hРГИА
$d12244989
$aASBIBLIO_SCAN
462#0$1001dd3991dc-24e1-42ec-8838-ca4255420416
$12001
$a1746-1850 гг.
$1251
$cОпись
$1852
$j1
461#0$10019264ebf8-de62-4f1a-9eb4-9f22098dbbd5
$12001
$aДирекция императорских театров МИДв
$1251
$cФонд
$1852
$j497
215##$a15 л.
$d36,5х26 см
371##$aДокумент не является опубликованным и широко распространяемым
105##$ay###
1222#$ad
035##$aa19f6862-f05e-470b-ba8e-e57892139203
856##$uhttp://readingroom.main.prlib.ru/item.aspx?id_node=n122381970&mode=full
Формат отображения